000 00450nam a2200181Ia 4500
001 21232
005 20260306172904.0
008 260306t1991||||xx |||||||||||||| ||spa||
041 _aESP
082 _a344.3
_bCH 51
100 _aChaparro Guerra, Ayar
_eAUT
245 0 _aConsideraciones para el tratamiento de los delincuentes
260 _c1991
300 _a163 páginas :
_c
650 _aGEN
654 _aCDE
942 _cLIB
_dJUS
_fJUS
_2ddc
_n
999 _c21232
_d21232